Awful art / (Record no. 2255)

MARC details
000 -LEADER
fixed length control field 01404nam a22002777a 4500
001 - CONTROL NUMBER
control field 2255
003 - CONTROL NUMBER IDENTIFIER
control field FISKH
005 - DATE AND TIME OF LATEST TRANSACTION
control field 20241220095449.0
008 - FIXED-LENGTH DATA ELEMENTS--GENERAL INFORMATION
fixed length control field 231114b cb ||||| |||| 00| 0 eng d
020 ## - INTERNATIONAL STANDARD BOOK NUMBER
International Standard Book Number 9780590192620
040 ## - CATALOGING SOURCE
Original cataloging agency FISKH
Language of cataloging eng
Transcribing agency FISKH
Modifying agency FISKH
050 ## - LIBRARY OF CONGRESS CALL NUMBER
Classification number PZ7
082 ## - DEWEY DECIMAL CLASSIFICATION NUMBER
Classification number 750.2
100 ## - MAIN ENTRY--PERSONAL NAME
Personal name Cox, Michael
Dates associated with a name 1949-
245 ## - TITLE STATEMENT
Title Awful art /
Statement of responsibility, etc. By Michael Cox ; illustrated by Philip Reeve
260 ## - PUBLICATION, DISTRIBUTION, ETC.
Place of publication, distribution, etc. London :
Name of publisher, distributor, etc. Scholastic,
Date of publication, distribution, etc. 1997.
300 ## - PHYSICAL DESCRIPTION
Extent 187 pages :
Other physical details illustrations ;
Dimensions 20 cm
490 ## - SERIES STATEMENT
Series statement The knowledge
505 ## - FORMATTED CONTENTS NOTE
Formatted contents note Z'<br/>
520 ## - SUMMARY, ETC.
Summary, etc. First cave-dwellers hid their mammoth doodles in dark, damp caves. Next - you name it, they painted it - from luscious landscapes and mouldy meat to diabolical dream-sequences. Now anything can be art - building bricks, half a cow, even a bin full of rubbish! In this imaginative guide, you'll meet rich artists, poor artists, dead artists and artists who really made an exhibition of themselves. Find out about some forgers and fraudsters who brushed with the law, palette loads of ancient artefacts, and how to create your own priceless masterpiece. PLUS are you the owner of an artistic temperament? If you want to know, get The Knowledge!
521 8# - TARGET AUDIENCE NOTE
Target audience note 1100<br/>
Source Lexile<br/>
521 8# - TARGET AUDIENCE NOTE
Target audience note Z'<br/>
Source Raz-Plus<br/>
650 ## - SUBJECT ADDED ENTRY--TOPICAL TERM
Source of heading or term Art
Topical term or geographic name entry element History
Form subdivision Juvenile Literature
700 ## - ADDED ENTRY--PERSONAL NAME
Personal name Reeve, Philip
Relator term illustrator
942 ## - ADDED ENTRY ELEMENTS (KOHA)
Source of classification or shelving scheme Dewey Decimal Classification
Koha item type Books
Suppress in OPAC No
Holdings
Withdrawn status Lost status Source of classification or shelving scheme Damaged status Not for loan Collection Home library Current library Shelving location Date acquired Total Checkouts Full call number Barcode Date last seen Copy number Price effective from Koha item type Date last checked out
    Dewey Decimal Classification     Non-Fiction Footprints International School Library Network Toul Kork Campus Footprints International School Library Network Toul Kork Campus   11/14/2023   COX 750.2 PZ7 FISTKG4B064 11/14/2023 1 11/14/2023 Books  
    Dewey Decimal Classification     Non-Fiction Footprints International School Library Network Toul Kork Campus Footprints International School Library Network Toul Kork Campus TTP Secondary Non-Fiction Bookshelves 11/14/2023   COX 750.2 PZ7 FIS05300 12/06/2024 2 11/14/2023 Books  
    Dewey Decimal Classification     Non-Fiction Footprints International School Library Network Toul Kork Campus Footprints International School Library Network Toul Kork Campus TTP Secondary Non-Fiction Bookshelves 11/14/2023   COX 750.2 PZ7 FIS04232 12/20/2024 4 11/14/2023 Books  
    Dewey Decimal Classification     Non-Fiction Footprints International School Library Network Toul Kork Campus Footprints International School Library Network Toul Kork Campus TTP Secondary Non-Fiction Bookshelves 11/14/2023   COX 750.2 PZ7 FISSE00082 12/20/2024 5 11/14/2023 Books  
    Dewey Decimal Classification     Non-Fiction Footprints International School Library Network Toul Kork Campus Footprints International School Library Network Toul Tom Poung Campus TTP Secondary Non-Fiction Bookshelves 11/14/2023 1 COX 750.2 PZ7 FISSE00109 12/19/2025 3 11/14/2023 Books 12/01/2025